000 00478nam a22001817a 4500
003 UA-OsUOA
001 7933
007 ta
008 20040718b un ||||| |||| 00| 0 ukr d
100 _aПопенко В.
942 _cSA
040 _aUA-OsUOA
_cUA-OsUOA
_dUA-OsUOA
245 _aДорога Красюкової висоти
300 _aС.4
955 _a0
773 0 _w0
_tВільне слово
_dРівне
_d2004
_g№49/7 лип./
650 7 _aКрасюк П.
_2UDC
999 _c294094
_d294094